000 01004nam a22002297a 4500
005 20240530110903.0
008 220214s2003 ua g 000 0 ara d
017 _bمصر. دار الكتب
_a2003/14842
040 _aEG-CaGPL
_cEG-CaGPL
082 0 4 _221
_a323.4/
_bب ح
100 0 _aبهى الدين حسن
245 1 0 _aحقوقنا الان وليس غدا :
_bالمواثيق الاساسية لحقوق الانسان/
_cتقديم بهى الدين حسن ، محمد السيد سعيد
250 _aط. 1
260 _aالقاهرة :
_bمركز القاهرة لدراسات حقوق الانسان ،
_c2003
300 _a401 ص. ؛
_c24 سم
490 1 _aتعليم حقوق الانسان ؛
_v8
650 0 7 _2qrmak
_aحقوق الانسان
653 _aالاعلان العالمى لحقوق الانسان
_aاتفاقية حقوق الطفل
700 _aمحمد السيد سعيد
_eمقدم مشارك
942 _2ddc
_cBK
999 _c66171
_d66171